000 00332nam a22001457a 4500
020 _a9788121924412
041 _aENG
100 _aTheraja.B.L
245 _aA Textbook of Electrical Technology
260 _aNew Delhi
_bS Chand & Campany Pvt.
_c2016
300 _a2750
650 _aEOES
700 _a Tharaja.A.K
856 _uEOES
999 _c92
_d92